Responses for Show #5252 - Tuesday, June 12, 2007

Susan Mitchell game 4.

Contestants

[<< previous game]

Mitch Luxenberg, a finance director from Fairfax, Virginia

Karen Meyers, a college administrator from Toledo, Ohio

Susan Mitchell, a graduate student from College Station, Texas (whose 3-day cash winnings total $49,699)

[next game >>]

Jeopardy! Round responses

QUOTH THE PRESIDENT
LIVING LYRICS
U.S. RIVERS
WHAT'S YOUR NAME, LITTLE GIRL?
LET'S CONSULT THE MAP
TO BUILD A FLOWER
(Alex: We will give you 2 elements that will enable you to construct a flower. For instance, if I said, "a dairy product and something you drink from", you would come up with, "What is a sour cream cup?" [Joking] Oh, no, "a buttercup", that's the flower, yes.)
    $200 2
Lincoln

Mitch
    $200 26
La Vida Loca

Mitch
    $200 1
the Mississippi

Karen
    $200 13
(Alex: Susan is right on [*].)

Susan

Susan
    $200 17
(national) capitals

Karen
    $200 7
a carnation

Karen
    $400 3
Thomas Jefferson

Susan
    $400 27
"Livin' On A Prayer"

Susan
    $400 9
the Columbia

Karen
    $400 18
Lizzie

Susan
    $400 19
a globe

Susan
    $400 8
a primrose

Mitch
    $600 4
Washington

Karen
    $600 28
"Living In America"

Triple Stumper
    $600 14
the Hudson

Karen
    $600 23
Bertha

Susan
    $600 20
(Susan: What are protected areas?)
(Mitch: What is national forest?)

Indian reservations

SusanMitch
Triple Stumper
    $600 10
a dandelion

Karen
    $800 5
Teddy Roosevelt

Karen
    $800 29
(Karen: What is Croatia?)

(upstairs from you) on the second floor

Karen
Triple Stumper
    $800 15
the Gulf of Mexico

Susan
    $800 24
Jenny

Karen
    $800 21
euros

Susan
    $800 11
a tulip

Karen
    $1000 6
(Susan: Who is Wilson?)

(John) Kennedy

SusanKaren
    $1000 30
(In my own) "Private Idaho"

Triple Stumper
    $1000 16
the Ohio

Susan
    $1000 25
Betty

Mitch
    $1000 22
Mercator

Karen
    $2,000 12
a lilac

Karen

Scores at the first commercial break (after clue 15):

Susan Karen Mitch
$400 $7,200 $600

Scores at the end of the Jeopardy! Round:

Susan Karen Mitch
$3,400 $8,400 $1,200

Double Jeopardy! Round responses

ANCIENT GREEK WRITERS
AT THE BEGIN"ING"
(Alex: Each correct response will begin in "I-N-G", that's what that clue means.)
GERMAN HISTORY
LEFTOVERS
UNIVERSITY OF MICHIGAN FOOTBALL
HAIL TO THE VICTORS
    $400 13
Plutarch

Susan
    $400 1
an ingrate

Mitch
    $400 4
Martin Luther

Karen
    $400 9
being buried alive

Karen
    $400 19
the Heisman Trophy

Susan
    $400 14
Hugo

Mitch
    $800 25
comedy

Susan
    $800 2
an ingenue

Karen
    $800 7
(Mitch: Who is Brandt?)
(Susan: Who is Schmidt?)

Helmut Kohl

SusanMitch
Triple Stumper
    $800 10
hair

Susan
    $800 23
Gerald Ford

Mitch
    $800 15
Victor Borge

Karen
    $1200 26
(Mitch: Who is Aristophanes?)

Sophocles

SusanMitch
    $1200 3
ingrained

Susan
    $1200 8
Bavaria

Mitch
    $1200 20
poverty line

Triple Stumper
    $1200 24
Schembechler

Karen
    $1200 16
Victor Emmanuel

Susan
    $1600 27
Sappho

Karen
    $1600 5
inglenook

Karen
    $1600 11
Bismarck

Karen
    $1600 21
Bergerac

Susan
    $1600 29
Griese

Mitch
    $1600 17
(Karen: Who is Romberg?)

Herbert

KarenMitch
    $2000 28
Herodotus

Mitch
    $2000 6
(Jean Auguste Dominique) Ingres

Susan
    $2,200 12
Weimar

Karen
    $2000 22
Australian

Mitch
    $2000 30
(Tom) Brady

Mitch
    $4,000 18
(Mitch: Who was Rockwell?)
...
(Alex: Karen?)
(Karen: Yes [nods head].)
(Alex: Yeah, [*]. As soon as I read the clue, Karen was nodding her head saying, 'boy, I wish I had gotten that Daliy Double.')

Eugene V. Debs

Mitch

Scores at the end of the Double Jeopardy! Round:

Susan Karen Mitch
$12,200 $17,400 $7,200

[wagering suggestions for these scores]

Final Jeopardy! Round responses

COLORS
(Alex: We have red states and blue states and if it's a toss-up, what's it going to be? Mix the two together and you come up with... Mitch?)
MitchWhat is purple?
$3,201
SusanWhat is purple?
$5,201
KarenWhat is orange?
$7,001
purple

Final scores:

Susan Karen Mitch
$17,401 $10,399 $10,401
4-day champion: $67,100 3rd place: $1,000 2nd place: $2,000

Game dynamics:

Coryat scores:

Susan Karen Mitch
$12,200 $16,200 $11,200
18 R,
3 W
22 R
(including 2 DDs),
2 W
13 R,
4 W
(including 1 DD)

Combined Coryat: $39,600

[game clues] [game scores] [suggest correction]

Game tape date: 2007-02-28
The J! Archive is created by fans, for fans. Scraping, republication, monetization, and malicious use prohibited; this site may use cookies and collect identifying information. See terms. The Jeopardy! game show and all elements thereof, including but not limited to copyright and trademark thereto, are the property of Jeopardy Productions, Inc. and are protected under law. This website is not affiliated with, sponsored by, or operated by Jeopardy Productions, Inc. Join the discussion at JBoard.tv.